Cebauno/Filipino to English - Statistics

General Stats
  • This quiz has been taken 10 times
  • The average score is 16 of 20
Answer Stats
Hint Answer % Correct
grandma lola
100%
grandpa lolo
100%
mango mannga
100%
Philippines Pilipinas
100%
China Tsina
100%
egg itlog
86%
brother kuya
86%
shoe sapatos
86%
sister ate
71%
dog iro
71%
fish isda
71%
horse kabayo
71%
tree kahoy
71%
money kwarta
71%
apple mansanas
71%
cat pusa
71%
car sasakyan
71%
lazy tapulan
57%
broom walis
57%
flag watawat
57%
No matching quizzes found
Score Distribution
Percent of People with Each Score
Percentile by Number Answered
Your Score History
You have not taken this quiz